LEADER 00888nam0-22003131i-450- 001 990004389840403321 005 20050113120253.0 010 $a0-226-31329-8 035 $a000438984 035 $aFED01000438984 035 $a(Aleph)000438984FED01 035 $a000438984 100 $a19990604d2002----km-y0itay50------ba 101 0 $aeng 102 $aUS 105 $aa-------001yy 200 1 $aHellenicity$ebetween ethnicity and culture$fJonathan M. Hall 210 $aChicago and London$cThe University of Chicago press$dc2002 215 $aXX, 312 p.$cill.$d24 cm 610 0 $aGreci$aIdentità etnica 676 $a305.88$v21$zita 700 1$aHall,$bJonathan M.$0176608 801 0$aIT$bUNINA$gRICA$2UNIMARC 901 $aBK 912 $a990004389840403321 952 $a305.88 HAL 1$bBibl.46439$fFLFBC 959 $aFLFBC 996 $aHellenicity$985401 997 $aUNINA LEADER 01079nam0-22003611i-450- 001 990002883560403321 005 20090921134803.0 010 $a0-7619-0083-7 035 $a000288356 035 $aFED01000288356 035 $a(Aleph)000288356FED01 035 $a000288356 100 $a20030910d1997----km-y0itay50------ba 101 0 $aeng 200 1 $aStatistical graphics for univariate and bivariate data$fWilliam J. Jacoby 210 $aThousand Oaks$cSage$d1997 215 $avi, 97 p.$d22 cm 225 1 $aQuantitative applications in the social sciences$v117 610 0 $aSerie 610 0 $aRappresentazioni grafiche 610 0 $aStatistica descrittiva 610 0 $aManuali generali di consultazione 676 $a001.4226 700 1$aJacoby,$bWilliam G.$0103432 801 0$aIT$bUNINA$gRICA$2UNIMARC 901 $aBK 912 $a990002883560403321 952 $aXXIX-D-107$b5855$fMAS 952 $a10180 SAG$b19249$fSES 959 $aMAS 959 $aSES 996 $aStatistical graphics for univariate and bivariate data$9416843 997 $aUNINA